| 000 | 00566nam a2200193Ia 4500 | ||
|---|---|---|---|
| 008 | 240729s9999 xx 000 0 und d | ||
| 022 | _a2770-9000 | ||
| 245 | 0 | _aAPL Energy | |
| 260 | _aUnited States | ||
| 260 | _bAIP Publishing LLC | ||
| 650 | _a Energy conservation | Technology | ||
| 650 | _a Mechanical engineering and machinery | ||
| 650 | _a Mechanical engineering and machinery | ||
| 650 | _a Renewable energy sources | ||
| 650 | _aTechnology | ||
| 856 | _uhttps://doaj.org/toc/2a06668abba9464e9907a9d06b742be0 | ||
| 942 | _2ddc | ||
| 942 | _cDOAJEJ | ||
| 999 |
_c73450 _d73450 |
||
| 945 |
_a1 _bMadushi Gamage _c1 _dMadushi Gamage |
||